000 01250cab a2200277 4500
001 ABS67541
008 040303n2004 000 0 eng u
035 _a(Sirsi) u125303
100 _aGuy, C.
245 _aPlanning and retailing
260 _c2004
490 _aTown & Country Planning
_v3 (2) February 2004, 48-53 (6)
520 _aTwo articles which focus on town centres. "Town centres first?" examines the consultation draft of the new Planning Policy Statement 6 (PPS6): "Planning for Town Centres" and finds that although the overall emphasis of policy stays unchanged, there are some new ideas and reversals of recent policy directions. Lists principal objectives and purposes. The second article "Putting which town centres first?", looks at some of the problems faced by many of the retail centres within small and medium-sized towns and cities in light of draft PPS6.
590 _aABS
650 _aTOWN CENTRE
650 _aTOWN CENTRE RETAILING
650 _aPLANNING POLICY
650 _aSEQUENTIAL TEST
650 _aRETAIL DEVELOPMENT
650 _aOUT OF TOWN DEVELOPMENT
690 _aPlanning and development
_96259
700 _aJones, P.
700 _aHillier, D.
700 _aComfort, D.
942 _n0
999 _c74217
_d74217